| 000 | 00657cam a22002051 4500 | ||
|---|---|---|---|
| 001 | ne 65000564 | ||
| 003 | DLC | ||
| 005 | 20260227111811.0 | ||
| 008 | 840113s1964 ua 000 0 arar | ||
| 010 | _ane 65000564 | ||
| 035 | _a(OCoLC)10296872 | ||
| 040 |
_aDLC _cTxU _dTxU _dDLC |
||
| 042 | _apremarc | ||
| 050 | 0 | 0 |
_aE169.02 _b.S48 |
| 100 | 1 | _aShitwī, Fawzī. | |
| 245 | 1 | 4 |
_aal-ʻIlm wa-al-rakhāʼ, _ctaʼlīf Fawzī al-Shitwī ʻan ziyāratahu lil-Wilāyāt al-Muttaḥidah. |
| 260 |
_a[al-Qāhirah] : _bMaktabat al-Nahḍah al-Miṣrīyah, _c[1964] |
||
| 300 |
_a332 p. : _billus., port. ; _c24 cm. |
||
| 651 | 0 |
_aUnited States _xCivilization _y1945- |
|
| 999 |
_c47985 _d47985 |
||